[Event "Durban USSA op"]
[Site "Durban"]
[Date "2023.12.07"]
[Round "6"]
[White "Hansen, Marcques"]
[Black "Ntenga, Mcebisi"]
[Result "1-0"]
[WhiteElo "1685"]
[BlackElo "1489"]
[PlyCount "101"]
[EventDate "2023.12.04"]
[EventType "swiss"]
[EventRounds "9"]
[EventCountry "RSA"]
[SourceTitle "CBM 217 Extra"]
[Source "ChessBase"]
[SourceDate "2024.01.31"]
[SourceVersion "1"]
[SourceVersionDate "2024.01.31"]
[SourceQuality "1"]

1. d4 d5 2. Nf3 Nf6 3. Bf4 c5 4. e3 Nc6 5. c3 Qb6 6. Qc1 Bf5 7. Nbd2 h6 8. dxc5 Qxc5 9. Nb3 Qb6 10. Nfd4 Bh7 11. Nxc6 bxc6 12. c4 e6 13. f3 Bb4+ 14. Kf2 0-0 15. c5 Qb7 16. Bd6 Rfd8 17. Qd1 Rxd6 18. cxd6 Bxd6 19. Rc1 c5 20. Qe2 c4 21. Na1 Rb8 22. b3 Ba3 23. Rd1 c3 24. Nc2 Bb2 25. Rd4 e5 26. Rb4 Qc7 27. Rxb8+ Qxb8 28. Qd1 Qb6 29. Bd3 e4 30. Be2 Bf5 31. f4 g5 32. g3 g4 33. Nd4 c2 34. Nxc2 Bc8 35. Qd2 Bb7 36. Rb1 d4 37. Nxd4 Bxd4 38. Qxd4 Qxd4 39. exd4 h5 40. Rc1 Kg7 41. Rc5 Nd5 42. Bc4 e3+ 43. Ke1 Nb4 44. Rb5 Nc2+ 45. Kd1 e2+ 46. Bxe2 Be4 47. Re5 Bh7 48. Rg5+ Kh6 49. h3 f5 50. Kxc2 gxh3 51. Rxh5+ 1-0

[Event "RSA-chT Regions"]
[Site "Boksburg"]
[Date "2020.01.12"]
[Round "7.3"]
[White "Hansen, Marcques"]
[Black "Mazibuko, Khanya"]
[Result "1/2-1/2"]
[WhiteElo "1684"]
[BlackElo "1952"]
[PlyCount "155"]
[EventDate "2020.01.09"]
[EventType "team-swiss"]
[EventRounds "7"]
[EventCountry "RSA"]
[SourceTitle "CBM 194 Extra"]
[Source "ChessBase"]
[SourceDate "2020.03.31"]
[SourceVersion "1"]
[SourceVersionDate "2020.03.31"]
[SourceQuality "1"]
[WhiteTeam "GTP Open VI"]
[BlackTeam "GTP Juniors"]
[WhiteTeamCountry "RSA"]
[BlackTeamCountry "RSA"]

1. Nf3 d5 2. c4 e6 3. g3 Nf6 4. Bg2 Be7 5. d4 0-0 6. Qc2 c5 7. cxd5 Nxd5 8. dxc5 Qa5+ 9. Bd2 Qxc5 10. Qxc5 Bxc5 11. 0-0 Nc6 12. a3 b6 13. Nc3 Nce7 14. Ne4 Ng6 15. Nxc5 bxc5 16. e4 Nb6 17. Rfc1 c4 18. Be3 Ba6 19. Bf1 Rab8 20. h4 h5 21. a4 Rfc8 22. b4 Ra8 23. Nd2 Ne5 24. b5 c3 25. Nb3 Bb7 26. Nc5 Rxc5 27. Bxc5 Nf3+ 28. Kh1 Bxe4 29. Bg2 Nd5 30. Ra3 Nd2 31. Bd4 Bxg2+ 32. Kxg2 Nc4 33. Raa1 Nd2 34. Rxc3 Nxc3 35. Bxc3 Nc4 36. Bd4 Kf8 37. Bc5+ Ke8 38. Rc1 Nb6 39. Bxb6 axb6 40. Rc6 Rxa4 41. Rxb6 Rb4 42. Rb7 g6 43. b6 Kf8 44. Kf3 Kg7 45. Ke3 Rb2 46. f3 Rb4 47. Kd3 Rb3+ 48. Kc4 Rb1 49. Kc5 Rc1+ 50. Kd6 Rd1+ 51. Ke7 Rb1 52. Ke8 Kg8 53. Rb8 Kg7 54. Ke7 Rb3 55. g4 Rxf3 56. Rf8 Rb3 57. Rxf7+ Kg8 58. gxh5 gxh5 59. Rf8+ Kg7 60. Rb8 e5 61. Kd6 e4 62. Kc6 Rc3+ 63. Kd5 e3 64. Re8 Rb3 65. Kc6 Rc3+ 66. Kd7 Rd3+ 67. Kc7 Rc3+ 68. Kb8 Kf6 69. b7 Kf5 70. Ka7 Ra3+ 71. Kb6 Rb3+ 72. Kc6 Kg4 73. Re5 Kxh4 74. Rb5 Rxb5 75. Kxb5 e2 76. b8Q e1Q 77. Qf4+ Kh3 78. Qf3+ 1/2-1/2

[Event "RSA-chT Regions"]
[Site "Boksburg"]
[Date "2020.01.09"]
[Round "2.3"]
[White "Hansen, Marcques"]
[Black "Mthetho, Jeffrey"]
[Result "1-0"]
[WhiteElo "1684"]
[BlackElo "1661"]
[PlyCount "55"]
[EventDate "2020.01.09"]
[EventType "team-swiss"]
[EventRounds "7"]
[EventCountry "RSA"]
[SourceTitle "CBM 194 Extra"]
[Source "ChessBase"]
[SourceDate "2020.03.31"]
[SourceVersion "1"]
[SourceVersionDate "2020.03.31"]
[SourceQuality "1"]
[WhiteTeam "GTP Open VI"]
[BlackTeam "Ehlanzeni"]
[WhiteTeamCountry "RSA"]
[BlackTeamCountry "RSA"]

1. d4 Nf6 2. Nf3 g6 3. g3 Bg7 4. Bg2 d6 5. 0-0 Bg4 6. Nfd2 Qc8 7. Re1 0-0 8. f3 Bh3 9. e4 e5 10. dxe5 dxe5 11. Nc4 Nc6 12. c3 Qe6 13. Qe2 Rad8 14. Be3 Rd7 15. Nbd2 Rfd8 16. Nb3 b6 17. Bg5 h6 18. Bxf6 Bxf6 19. Ne3 Bxg2 20. Kxg2 Ne7 21. Rad1 Bg5 22. Rxd7 Rxd7 23. Nc4 h5 24. Na3 a5 25. Qb5 Nc8 26. f4 c6 27. Qa6 exf4 28. Qxc8+ 1-0

[Event "RSA-chT U20"]
[Site "Boksburg"]
[Date "2020.01.06"]
[Round "4.6"]
[White "Hansen, Marcques"]
[Black "Arendse, Amy Leigh"]
[Result "1-0"]
[WhiteElo "1684"]
[BlackElo "772"]
[PlyCount "93"]
[EventDate "2020.01.04"]
[EventType "team-tourn"]
[EventRounds "7"]
[EventCountry "RSA"]
[SourceTitle "CBM 194 Extra"]
[Source "ChessBase"]
[SourceDate "2020.03.31"]
[SourceVersion "1"]
[SourceVersionDate "2020.03.31"]
[SourceQuality "1"]
[WhiteTeam "Tshwane Chess U20"]
[BlackTeam "Eden District U20"]
[WhiteTeamCountry "RSA"]
[BlackTeamCountry "RSA"]

1. e4 e5 2. Nf3 Nc6 3. Bc4 Nb8 4. Bf1 Nc6 5. Bc4 Qe7 6. Nc3 Nf6 7. d3 d6 8. Bg5 h6 9. Nd5 Qd8 10. Bxf6 gxf6 11. h3 f5 12. Qe2 Nd4 13. Nxd4 exd4 14. exf5+ Kd7 15. g4 Bg7 16. 0-0-0 a6 17. Rhe1 c6 18. Nb6+ Kc7 19. Nxa8+ Kb8 20. Bxf7 Kxa8 21. Qe7 Bf6 22. Qxd8 Rxd8 23. f4 Rf8 24. Be6 Bh4 25. Bxc8 Bxe1 26. Bxb7+ Kxb7 27. Rxe1 Kb6 28. Re6 h5 29. Rxd6 hxg4 30. hxg4 Kc5 31. Re6 Rh8 32. f6 Kd5 33. Re5+ Kd6 34. g5 Rh1+ 35. Kd2 Rh2+ 36. Re2 Rxe2+ 37. Kxe2 Ke6 38. Kf3 Kf7 39. b4 Kg6 40. Ke4 a5 41. bxa5 c5 42. f5+ Kxg5 43. f7 Kf6 44. f8Q+ Kg5 45. Qg7+ Kh4 46. Kf4 Kh3 47. Qg3# 1-0

[Event "RSA-ch U16"]
[Site "Waterkloof"]
[Date "2015.04.07"]
[Round "6"]
[White "Hansen, Marcques"]
[Black "Marais, Franco"]
[Result "0-1"]
[WhiteElo "1459"]
[BlackElo "1782"]
[PlyCount "68"]
[EventDate "2015.04.04"]
[EventType "swiss"]
[EventRounds "9"]
[EventCountry "RSA"]
[SourceTitle "CBM 166 Extra"]
[Source "ChessBase"]
[SourceDate "2015.06.18"]
[SourceVersion "1"]
[SourceVersionDate "2015.06.18"]
[SourceQuality "1"]

1. d4 d5 2. Nf3 Nf6 3. e3 c5 4. b3 Qa5+ 5. Nbd2 cxd4 6. exd4 Ne4 7. Bd3 Nc3 8. 0-0 Nxd1 9. Rxd1 g6 10. Bb2 Bg7 11. c4 Bf5 12. Bf1 0-0 13. cxd5 Qxd5 14. Bc4 Qd8 15. Rac1 Nc6 16. Re1 Nxd4 17. Ba3 Nxf3+ 18. Nxf3 Bf6 19. Rcd1 Qb6 20. Bxe7 Bxe7 21. Rxe7 Bg4 22. Rd3 Qf6 23. Re1 a6 24. Ne5 Be6 25. Bxe6 Qxe6 26. Kf1 Qf5 27. Rf3 Qc8 28. Nc4 Qc7 29. h3 Rae8 30. Rd1 b5 31. Ne3 Re6 32. Kg1 Rd8 33. Nd5 Rxd5 34. Rxd5 Re1# 0-1

[Event "RSA-ch U16"]
[Site "Waterkloof"]
[Date "2015.04.07"]
[Round "5"]
[White "Hansen, Marcques"]
[Black "Van Zyl Rudd, Jack"]
[Result "1/2-1/2"]
[WhiteElo "1459"]
[BlackElo "1632"]
[PlyCount "82"]
[EventDate "2015.04.04"]
[EventType "swiss"]
[EventRounds "9"]
[EventCountry "RSA"]
[SourceTitle "CBM 166 Extra"]
[Source "ChessBase"]
[SourceDate "2015.06.18"]
[SourceVersion "1"]
[SourceVersionDate "2015.06.18"]
[SourceQuality "1"]

1. d4 Nf6 2. Nf3 g6 3. e3 Bg7 4. Bd3 d6 5. c4 c5 6. d5 Bg4 7. Nbd2 Nbd7 8. h3 Bxf3 9. Nxf3 b5 10. 0-0 bxc4 11. Bxc4 0-0 12. Bb5 Nb6 13. a4 Rb8 14. Bc6 Nfd7 15. Qd3 c4 16. Qc2 Ne5 17. Nxe5 Bxe5 18. Ra2 e6 19. dxe6 fxe6 20. a5 Nd5 21. Qxc4 Nb4 22. Ra4 Nxc6 23. Qxc6 Bxb2 24. Bd2 Rc8 25. Qe4 Qf6 26. Qb7 Qg7 27. Qb3 d5 28. Rb4 Be5 29. e4 Kh8 30. exd5 exd5 31. Qxd5 Rcd8 32. Qa2 Rxd2 33. Qxd2 Bc3 34. Qd6 Bxb4 35. Qxb4 Qf6 36. Qa4 a6 37. Qa1 Qxa1 38. Rxa1 Rf5 39. f3 Kg7 40. Kf2 Kf6 41. Ke3 Ke6 1/2-1/2